| 000 | 00680nam a22002177a 4500 | ||
|---|---|---|---|
| 999 |
_c2568 _d2568 |
||
| 003 | AR-CdUCM | ||
| 008 | 190304b ||||| |||| 00| 0 spa d | ||
| 040 |
_aMUNICIPALIDAD PROVINCIAL DEL CUSCO _cBIBLIOTECA MUNICIPAL DEL CUSCO |
||
| 082 |
_22ed. _a869.96 / _bL13 |
||
| 100 |
_aLabrador Ruiz, Enrique _99080 |
||
| 245 | _aLa Sangre Hambrienta | ||
| 260 |
_aMéxico : _bEdiciones Nuevo Mundo, _c1959. |
||
| 300 |
_a205 Páginas ; _c15 cm. |
||
| 650 |
_aComprensión de Cuba _99081 |
||
| 650 |
_aSIglo XX _97898 |
||
| 650 |
_aNovela Cubana _91237 |
||
| 650 |
_aCruzada latinoamericana _99082 |
||
| 650 |
_aTransformaciones Económicas _99083 |
||
| 942 |
_2ddc _cLIBROS |
||
| 945 | _adavv | ||